[Event "1st Rapid"]
[Site "Canada de Calatrava ESP"]
[Date "2006.04.16"]
[Round "8"]
[White "Dreev,A"]
[Black "Savchenko,B"]
[Result "1/2-1/2"]
[WhiteElo "2673"]
[BlackElo "2568"]

1.d4 Nf6 2.c4 e5 3.dxe5 Ng4 4.Bf4 Bb4+ 5.Nd2 d6 6.e6 fxe6 7.e3 O-O 8.a3 Nxf2
9.Kxf2 Bxd2 10.Qxd2 e5 11.Nf3 exf4 12.exf4 Nd7 13.Re1 Nf6 14.h3 Bf5 15.Bd3 Qd7
16.g4 Bxd3 17.Qxd3 d5 18.cxd5 Rad8 19.Kg3 Qd6 20.Ng5 Nh5+ 21.Kh4 g6 22.Re6 Nxf4
23.Rxd6 Nxd3 24.Rxd8 Rxd8 25.Ne6 Rxd5 26.Rf1 g5+ 27.Nxg5 Ne5 28.Ne6 Ng6+
29.Kg3 c6 30.b4 a5 31.Rf3 Rd6 32.Nc5 axb4 33.axb4 b6 34.Ne4 Rd4 35.Nf6+ Kh8
36.Ra3 Kg7 37.g5 Nh4 38.Nh5+ Kg6 39.Nf4+ Kf5 40.Kxh4 Kxf4 41.Ra7 Rd5 42.Rg7 c5
43.bxc5 bxc5 44.Kh5 c4 45.h4 Rc5 46.Rxh7 c3 47.Rf7+ Ke3 48.Rf1 c2 49.Rc1 Kd2
50.Rxc2+ Rxc2 51.g6 Ke3 52.g7 Rg2 53.Kh6 Kf4 54.Kh7 Rxg7+  1/2-1/2

[Event "XIII TCh-RUS"]
[Site "Sochi RUS"]
[Date "2006.04.20"]
[Round "1"]
[White "Yevseev,D"]
[Black "Dreev,A"]
[Result "1-0"]
[WhiteElo "2580"]
[BlackElo "2673"]

1.d4 d5 2.c4 c6 3.Nf3 Nf6 4.Qc2 dxc4 5.Qxc4 Bg4 6.Nc3 e6 7.e4 Bxf3 8.gxf3 b5
9.Qd3 a6 10.Be3 Nbd7 11.O-O-O g6 12.d5 cxd5 13.exd5 e5 14.Kb1 Bg7 15.d6 O-O
16.Bh3 Kh8 17.Ne4 Nb6 18.d7 Nfd5 19.Nd6 Qh4 20.Bxb6 Nxb6 21.Nxf7+ Rxf7 22.d8=Q+ Rxd8
23.Qxd8+ Qxd8 24.Rxd8+ Bf8 25.Re1 Rxf3 26.Rxe5 Kg7 27.Bg4 Rxf2 28.Re2 Rf1+
29.Kc2 Bc5 30.Be6 Kf6 31.a3 a5 32.Rb8 Rh1 33.Rb7 Bd4 34.Rxh7 Na4 35.h4 Be5
36.Bd5  1-0

[Event "XIII TCh-RUS"]
[Site "Sochi RUS"]
[Date "2006.04.26"]
[Round "7"]
[White "Rychagov,A"]
[Black "Dreev,A"]
[Result "1/2-1/2"]
[WhiteElo "2542"]
[BlackElo "2673"]

1.d4 d5 2.c4 e6 3.Nf3 c6 4.Bg5 Be7 5.Bxe7 Qxe7 6.e3 Nf6 7.Nc3 O-O 8.Bd3 Nbd7
9.O-O dxc4 10.Bxc4 e5 11.Bb3 exd4 12.exd4 Nb6 13.Re1 Qd6 14.Ne5 Nbd5 15.Nc4 Qd8
16.Nxd5 Nxd5 17.Ne3 Be6 18.Nxd5 Bxd5 19.Bxd5 Qxd5 20.Re7 b6 21.Qa4 b5 22.Qb4 Rfd8
23.Re5 Qc4 24.Qxc4 bxc4 25.Rc5 Rxd4 26.Rxc6 h5 27.g3 Rb8  1/2-1/2

[Event "XIII TCh-RUS"]
[Site "Sochi RUS"]
[Date "2006.04.28"]
[Round "9"]
[White "Bologan,V"]
[Black "Dreev,A"]
[Result "1/2-1/2"]
[WhiteElo "2666"]
[BlackElo "2673"]

1.e4 c6 2.d4 d5 3.Nc3 dxe4 4.Nxe4 Bf5 5.Ng3 Bg6 6.h4 h6 7.Nf3 Nd7 8.h5 Bh7
9.Bd3 Bxd3 10.Qxd3 e6 11.Bf4 Ngf6 12.O-O-O Be7 13.Ne4 Nxe4 14.Qxe4 Nf6 15.Qe2 Qd5
16.c4 Qe4 17.Qxe4 Nxe4 18.Be3 f5 19.Rhe1 O-O 20.Re2 Bd6 21.Ne5 Rad8 22.Ng6 Rfe8
23.Bf4 Nf6 24.Bxd6 Rxd6 25.Nf4 Red8 26.Nxe6 Re8 27.Nf4 Rxe2 28.Nxe2 Nxh5
29.Kc2 Kf7 30.b4 Rg6 31.g3 f4 32.Rh1 Re6 33.Kd1 fxg3 34.fxg3 Rxe2 35.Rxh5 Re4
36.d5 Rxc4 37.dxc6 Rxc6 38.a4 g5 39.b5 Rd6+ 40.Ke2 Kg6 41.Rh1 Rd4 42.a5 Ra4
43.a6 bxa6 44.bxa6 h5 45.Rc1 Rxa6 46.Rc5 h4 47.gxh4 gxh4 48.Kf3 Ra3+ 49.Kg2 Kf6
50.Rh5 h3+ 51.Kh2 a5 52.Rc5 Ke6 53.Rg5 Kd6 54.Rf5 Kc6 55.Rf6+ Kd5 56.Rf5+ Ke4
57.Rc5 a4 58.Rc4+ Kd3 59.Rf4 Kd2 60.Rd4+ Kc2 61.Rf4 Ra1 62.Rf2+ Kd3 63.Rf4 a3
64.Rf3+ Kd2 65.Rxh3 Kc2 66.Rg3 a2  1/2-1/2

[Event "XIII TCh-RUS"]
[Site "Sochi RUS"]
[Date "2006.04.29"]
[Round "10"]
[White "Tomashevsky,E"]
[Black "Dreev,A"]
[Result "1/2-1/2"]
[WhiteElo "2595"]
[BlackElo "2673"]

1.Nf3 d5 2.c4 c6 3.e3 Nf6 4.Nc3 g6 5.d4 Bg7 6.Be2 O-O 7.O-O Be6 8.Ng5 Bc8
9.Qb3 e6 10.Nf3 b6 11.Rd1 Ba6 12.Bd2 Nbd7 13.Rac1 Bb7 14.cxd5 exd5 15.Be1 Re8
16.Bf1 Qe7 17.Ne2 Ne4 18.Nf4 Nf8 19.Nd3 Ne6 20.Nb4 Qd6 21.Qa4 c5 22.Nc2 Rec8
23.dxc5 bxc5 24.b4 c4 25.Ncd4 Qb6 26.g3 h6 27.Bg2 N4g5 28.Bc3  1/2-1/2

[Event "35th TCh-GRE"]
[Site "Ermioni GRE"]
[Date "2006.07.03"]
[Round "1"]
[White "Dreev,A"]
[Black "Gustafsson,J"]
[Result "1/2-1/2"]
[WhiteElo "2666"]
[BlackElo "2589"]

1.d4 Nf6 2.c4 e6 3.Nf3 d5 4.Nc3 dxc4 5.e4 Bb4 6.Bg5 c5 7.e5 cxd4 8.Qa4+ Nc6
9.O-O-O Bd7 10.Ne4 Be7 11.exf6 gxf6 12.Bh4 Rc8 13.Kb1 Na5 14.Qc2 e5 15.Nxd4 exd4
16.Rxd4 Qb6 17.Rd5 Be6 18.Rh5 Bg4 19.Qa4+ Nc6 20.Rb5 Qa6 21.Qxa6 bxa6 22.Rb7 Bf5
23.f3 Bc5 24.Bxc4  1/2-1/2

[Event "35th TCh-GRE"]
[Site "Ermioni GRE"]
[Date "2006.07.05"]
[Round "3"]
[White "Dreev,A"]
[Black "Gelashvili,T"]
[Result "1/2-1/2"]
[WhiteElo "2666"]
[BlackElo "2575"]

1.d4 Nf6 2.c4 e6 3.Nf3 d5 4.Nc3 Bb4 5.Qa4+ Nc6 6.a3 Bxc3+ 7.bxc3 O-O 8.Bg5 h6
9.Bxf6 Qxf6 10.e3 Bd7 11.Qc2 Rfe8 12.Bd3 dxc4 13.Bxc4 e5 14.O-O Bf5 15.Qa2 e4
16.Nd2 Na5 17.f3 Nxc4 18.Qxc4 Qg6 19.fxe4 Bxe4 20.Nxe4 Rxe4 21.Qxc7 Rxe3
22.Rae1 Rae8 23.Rxe3 Rxe3 24.Qxb7 Rxc3 25.Qxa7 f6 26.a4 Ra3 27.Qa8+  1/2-1/2

[Event "35th TCh-GRE"]
[Site "Ermioni GRE"]
[Date "2006.07.07"]
[Round "5"]
[White "Dreev,A"]
[Black "Kulaots,K"]
[Result "1-0"]
[WhiteElo "2666"]
[BlackElo "2550"]

1.d4 Nf6 2.c4 e6 3.Nc3 Bb4 4.Qc2 d5 5.cxd5 exd5 6.Bg5 h6 7.Bxf6 Qxf6 8.a3 Bxc3+
9.Qxc3 c6 10.e3 O-O 11.Nf3 Bf5 12.Be2 Nd7 13.O-O Rfe8 14.b4 Rac8 15.Rfc1 Qd6
16.Qb2 Bg4 17.Bd3 Qf6 18.Nd2 h5 19.h3 Bf5 20.Bxf5 Qxf5 21.Qc2 Qxc2 22.Rxc2 Kf8
23.Nb3 Ke7 24.Na5 Rc7 25.Rac1 Rec8 26.f3 Kd6 27.e4 f6 28.Kf2 a6 29.exd5 Kxd5
30.Re2 b6 31.Nc4 g6 32.Re7 Rb8 33.Ne3+ Kd6 34.Rg7 g5 35.Rd1 h4 36.d5 cxd5
37.Nxd5 Rc2+ 38.Kf1  1-0

[Event "35th TCh-GRE"]
[Site "Ermioni GRE"]
[Date "2006.07.07"]
[Round "6"]
[White "Dreev,A"]
[Black "Negi,P"]
[Result "1-0"]
[WhiteElo "2666"]
[BlackElo "2480"]

1.d4 Nf6 2.c4 g6 3.Nc3 d5 4.cxd5 Nxd5 5.Bd2 Bg7 6.e4 Nb6 7.Be3 O-O 8.Bb5 Bd7
9.Be2 Nc6 10.f4 Na5 11.Qc2 Rc8 12.b3 f5 13.e5 Be6 14.Nf3 Nd5 15.Nxd5 Bxd5
16.Qc5 b6 17.Qa3 e6 18.Rc1 Re8 19.O-O Bf8 20.Qb2 Qe7 21.Ba6 Nb7 22.Qe2 Red8
23.Bf2 Qa3 24.Ng5 Qe7 25.Bh4 Qd7 26.Nxe6 Qxe6 27.Bxd8 Nxd8 28.Bxc8 Qxc8 29.Qb5 c5
30.dxc5 Qc6 31.Qxc6 Nxc6 32.Rfd1 Be4 33.cxb6 axb6 34.e6 Ba3 35.Rc4 Kg7 36.Kf2 Kf6
37.Rxe4 fxe4 38.Ke3 Kxe6 39.Kxe4 h5 40.Rd5 Ne7 41.Re5+ Kd6 42.Rg5 Bb2 43.a4 Bf6
44.Rb5 Nc8 45.Rb4 Ke6 46.Kd3 Kd6 47.g3 Kd5 48.h3 Kd6 49.Rc4 Ne7 50.b4 Nd5
51.b5 h4 52.g4 g5 53.Rc6+ Ke7 54.fxg5 Bxg5 55.Ke4 Nf4 56.Kf5 Nxh3 57.Rc3 Nf2
58.Rf3 Nxg4 59.Kxg4 Bf6 60.Rxf6 Kxf6 61.a5  1-0

[Event "35th TCh-GRE"]
[Site "Ermioni GRE"]
[Date "2006.07.08"]
[Round "7"]
[White "Inarkiev,E"]
[Black "Dreev,A"]
[Result "1/2-1/2"]
[WhiteElo "2625"]
[BlackElo "2666"]

1.e4 d5 2.exd5 Qxd5 3.Nc3 Qd6 4.d4 Nf6 5.Nf3 c6 6.Ne5 Nbd7 7.Bf4 Nd5 8.Nxd5 Qxd5
9.Qd3 g5 10.Bg3 Nxe5 11.dxe5  1/2-1/2

[Event "59th ch-RUS 1st League"]
[Site "Tomsk RUS"]
[Date "2006.09.03"]
[Round "1"]
[White "Dreev,A"]
[Black "Khairullin,I"]
[Result "1/2-1/2"]
[WhiteElo "2666"]
[BlackElo "2538"]

1.d4 Nf6 2.c4 e6 3.Nf3 b6 4.Nc3 Bb7 5.Bg5 h6 6.Bh4 Be7 7.Qc2 c5 8.dxc5 bxc5
9.e3 d6 10.Rd1 Nbd7 11.Be2 Qb6 12.O-O O-O 13.Rd2 Rfd8 14.Rfd1 a6 15.h3 Rac8
16.Bg3 Nf8 17.Ne1 Rd7 18.Bf3 Bxf3 19.Nxf3 Rcd8 20.Rd3 Ng6 21.Qa4 Qb7 22.Nd2 d5
23.Qb3 Qc6 24.Nf3 Rb7 25.Qc2 Rbd7 26.Qe2 dxc4 27.Rxd7 Rxd7 28.Rxd7 Nxd7 29.Qxc4 Bf6
30.Nd2 Be5 31.Bxe5 Ngxe5 32.Qa4 Qb7 33.Qc2 Nc6 34.b3 Nb4 35.Qd1 Nd5 36.Na4 N5b6
37.Nb2 Qd5 38.Qe2 Ne5 39.f4 Nc6 40.Ndc4 Nxc4 41.Nxc4 Nb4 42.a3 Nc6 43.Qd2 g5
44.fxg5 hxg5 45.Qxd5 exd5 46.Nb6 d4 47.Kf2 dxe3+ 48.Kxe3 Na5 49.Ke4 Nxb3
50.Kf5 Nd2 51.Na4 Nb1 52.Nxc5 Nxa3 53.Nxa6 Nc4 54.Kxg5 Kg7 55.Nc7 f6+ 56.Kf4 Kg6
57.Nd5 Ne5 58.Ne7+ Kf7 59.Nf5 Kg6 60.Nh4+ Kg7 61.Nf3 Ng6+ 62.Ke4 Ne7 63.Nh4 Kf7
64.Nf5 Nc6 65.Nd4 Ne5 66.Nf5 Kg6 67.Nh4+ Kf7 68.g3 Nc4 69.Kf4 Ne5 70.Nf3 Ng6+
71.Kg4 Ne7 72.Nh4 Nc6 73.Ng2 Nd4 74.Kh5 Ne2 75.g4 Kg7 76.Ne3 Ng3+ 77.Kh4 Ne4
78.Nf5+ Kg6 79.Ne7+ Kf7 80.Nc6 Kg6 81.Nd4 Kh6 82.Ne2 Kg6 83.Nf4+ Kh6 84.Ne2 Kg6  1/2-1/2

[Event "59th ch-RUS 1st League"]
[Site "Tomsk RUS"]
[Date "2006.09.04"]
[Round "2"]
[White "Amonatov,F"]
[Black "Dreev,A"]
[Result "1/2-1/2"]
[WhiteElo "2542"]
[BlackElo "2666"]

1.e4 c5 2.Nf3 d6 3.d4 cxd4 4.Nxd4 Nf6 5.Nc3 Nc6 6.Bg5 e6 7.Qd2 a6 8.O-O-O Be7
9.f4 Nxd4 10.Qxd4 b5 11.Bxf6 gxf6 12.e5 d5 13.f5 fxe5 14.Qxe5 O-O 15.Ne4 f6
16.Qg3+ Kh8 17.fxe6 Bxe6 18.Nd2 Bd6 19.Qf2 f5 20.Bd3 Qf6 21.Kb1 Be5 22.Rhe1 Bg8
23.c3  1/2-1/2

[Event "59th ch-RUS 1st League"]
[Site "Tomsk RUS"]
[Date "2006.09.05"]
[Round "3"]
[White "Dreev,A"]
[Black "Yemelin,V"]
[Result "1-0"]
[WhiteElo "2666"]
[BlackElo "2516"]

1.d4 d5 2.c4 e6 3.Nc3 c5 4.cxd5 exd5 5.Nf3 Nc6 6.dxc5 d4 7.Na4 Bg4 8.a3 Be7
9.h3 Bh5 10.b4 Nf6 11.e3 O-O 12.g4 Bg6 13.b5 dxe3 14.Bxe3 Nd5 15.bxc6 Nxe3
16.fxe3 Qa5+ 17.Kf2 Rad8  1-0

[Event "59th ch-RUS 1st League"]
[Site "Tomsk RUS"]
[Date "2006.09.07"]
[Round "5"]
[White "Dreev,A"]
[Black "Bocharov,D"]
[Result "1-0"]
[WhiteElo "2666"]
[BlackElo "2571"]

1.d4 Nf6 2.c4 e6 3.Nf3 Bb4+ 4.Nbd2 O-O 5.a3 Be7 6.e4 d5 7.e5 Nfd7 8.b4 a5
9.b5 c5 10.Bb2 cxd4 11.Bxd4 Nc5 12.Be2 Nbd7 13.Qc2 b6 14.cxd5 exd5 15.O-O Bb7
16.Rfe1 Rc8 17.Qb2 Ne6 18.Be3 Ndc5 19.Rac1 f5 20.Nb3 f4 21.Bd2 Ne4 22.Rxc8 Qxc8
23.Nfd4 a4 24.Bg4 N4g5 25.Rc1 Bc5 26.Nxc5 bxc5 27.Bb4 Qe8 28.Nxe6 Nxe6 29.Bxc5 Rf7
30.f3 g6 31.h4 h5 32.Bxe6 Qxe6 33.Bf2 Qf5 34.Re1 Re7 35.Qd4 g5 36.hxg5 Qxg5
37.e6 Bc8 38.Re5 Qg6 39.Bh4 Rg7 40.Rg5 Qb1+ 41.Kh2 Rxg5 42.Bxg5 Bxe6 43.b6  1-0

[Event "59th ch-RUS 1st League"]
[Site "Tomsk RUS"]
[Date "2006.09.09"]
[Round "7"]
[White "Dreev,A"]
[Black "Inarkiev,E"]
[Result "1/2-1/2"]
[WhiteElo "2666"]
[BlackElo "2625"]

1.d4 Nf6 2.c4 g6 3.Nc3 Bg7 4.e4 d6 5.Nge2 O-O 6.Ng3 a6 7.Be2 c5 8.d5 b5 9.cxb5 axb5
10.Nxb5 h5 11.Nc3 Qb6 12.Nf1 Ba6 13.Ne3 Nbd7 14.O-O Rfb8 15.Re1 Ra7 16.h3 Bxe2
17.Rxe2 Qa6 18.f4 Ne8 19.e5 dxe5 20.f5 Nd6 21.fxg6  1/2-1/2

[Event "15th TCh-CRO"]
[Site "Sibenik CRO"]
[Date "2006.09.22"]
[Round "1"]
[White "Dreev,A"]
[Black "Ljubicic,F"]
[Result "1-0"]
[WhiteElo "2666"]
[BlackElo "2417"]

1.d4 Nf6 2.c4 g6 3.Nc3 d6 4.e4 Bg7 5.Nge2 O-O 6.Ng3 c6 7.Be2 e5 8.d5 a6 9.O-O cxd5
10.cxd5 b5 11.Bg5 Nbd7 12.Qd2 Re8 13.Rfc1 Bb7 14.b4 Qe7 15.a4 bxa4 16.Nxa4 Rec8
17.Nb2 Rxc1+ 18.Qxc1 Nb6 19.Qe3 Qd8 20.Nf1 h6 21.Bh4 g5 22.Bg3 Nfd7 23.Qd2 f5
24.exf5 Nxd5 25.Bxa6  1-0

[Event "15th TCh-CRO"]
[Site "Sibenik CRO"]
[Date "2006.09.24"]
[Round "3"]
[White "Dreev,A"]
[Black "Tratar,M"]
[Result "1-0"]
[WhiteElo "2666"]
[BlackElo "2503"]

1.d4 d6 2.e4 Nf6 3.f3 d5 4.e5 Ng8 5.c4 dxc4 6.Bxc4 e6 7.f4 Nd7 8.Nf3 Nb6
9.Bb3 Ne7 10.Nc3 Bd7 11.Be3 Bc6 12.Bf2 Qd7 13.O-O h5 14.Ng5 Nf5 15.Qc2 g6
16.Nce4 Bxe4 17.Nxe4 Be7 18.Rad1 c6 19.Nc5 Bxc5 20.dxc5 Nd5 21.Qe4 Kf8 22.g3 Qe7
23.Bc2 Kg7 24.Qf3 Rh7 25.Be4 Rah8 26.Rd3 Ra8 27.Kg2 Kg8 28.Rg1 Qf8 29.Kf1 Qd8
30.h3 Qa5 31.a3 Qb5 32.b3 Qa6 33.b4 Qc4 34.Kg2 a5 35.b5 Qxb5 36.Rb3 Qa6 37.Bd3 Qa7
38.Rgb1 Rb8 39.a4 Rh8 40.Bc4 Kg7 41.Bxd5 exd5 42.Rb6 d4 43.Qe4 Rhd8 44.g4 hxg4
45.hxg4 Ne3+ 46.Bxe3 dxe3 47.Qxe3 Rd5 48.f5 gxf5 49.gxf5 Rg8 50.Rxb7  1-0

[Event "15th TCh-CRO"]
[Site "Sibenik CRO"]
[Date "2006.09.26"]
[Round "5"]
[White "Dreev,A"]
[Black "Kutuzovic,B"]
[Result "1-0"]
[WhiteElo "2666"]
[BlackElo "2324"]

1.d4 Nf6 2.c4 c5 3.d5 b5 4.cxb5 a6 5.b6 e6 6.Nc3 Bb7 7.e4 exd5 8.exd5 d6
9.a4 a5 10.Bb5+ Nbd7 11.Nge2 Be7 12.O-O O-O 13.Re1 Nxb6 14.Nf4 Rc8 15.Qf3 Nfd7
16.Bd2 Ne5 17.Qe4 Bg5 18.Rad1 g6 19.Qc2 Be7 20.Ne4 Ra8 21.Bc3 Nbd7 22.Qd2 Bc8
23.Re2 Ra7 24.Rde1 Qb6 25.Nd3 Nxd3 26.Qxd3 Ne5 27.Qg3 f5 28.Nxd6 Bxd6 29.Rxe5 f4
30.Qg5 f3 31.Re8 Rf7 32.Rxf8+ Rxf8 33.Re7 Rf5 34.Qh6  1-0

[Event "15th TCh-CRO"]
[Site "Sibenik CRO"]
[Date "2006.09.27"]
[Round "6"]
[White "Nevednichy,V"]
[Black "Dreev,A"]
[Result "1/2-1/2"]
[WhiteElo "2576"]
[BlackElo "2666"]

1.e4 c6 2.d4 d5 3.e5 Bf5 4.c4 e6 5.Nc3 Ne7 6.a3 dxc4 7.Bxc4 Nd7 8.Nge2 Nb6
9.Bb3 Nbd5 10.O-O Bg6 11.Bg5 Qd7 12.Rc1 h6 13.Bxe7 Nxc3 14.Rxc3 Bxe7 15.Nf4 Bf5
16.Bc2 Bxc2 17.Qxc2 O-O-O 18.Rd1 Kb8 19.Rf3 c5 20.Ne2 Rhf8 21.Rfd3 Qc7 22.Rc3 Qb6
23.Rb3 Qc6 24.Rc3 Qb6 25.Rb3 Qc6 26.Rc3 Qb6  1/2-1/2

[Event "15th TCh-CRO"]
[Site "Sibenik CRO"]
[Date "2006.09.28"]
[Round "7"]
[White "Dreev,A"]
[Black "Mihalcisin,A"]
[Result "1-0"]
[WhiteElo "2666"]
[BlackElo "2543"]

1.d4 Nf6 2.c4 g6 3.Nc3 d5 4.cxd5 Nxd5 5.Bd2 Nb6 6.Nf3 Bg7 7.Rc1 O-O 8.Bg5 h6
9.Bh4 Na6 10.e3 g5 11.Bg3 c5 12.h4 g4 13.Ne5 h5 14.Bd3 Nb4 15.Bb1 cxd4 16.exd4 Nc6
17.Nxc6 bxc6 18.Ne2 Nd5 19.O-O Bd7 20.Nf4 Nxf4 21.Bxf4 Qb6 22.Rc5 f5 23.Qd2 e6
24.Re1 Rad8 25.Be5 Rf7 26.a3 Bc8 27.Qg5 Rd5 28.b4 Qd8 29.Qxd8+ Rxd8 30.Rxc6 Bxe5
31.Rxe5 Rff8 32.Ba2 Kg7 33.Bxe6 Bxe6 34.Rexe6 Rf7 35.Rg6+ Kf8 36.Rgd6 Re8
37.Re6 Rd8 38.Rc4 Kg7 39.Kf1 Rfd7 40.Re5 Kg6 41.Rc6+ Rd6 42.Rxd6+ Rxd6 43.d5  1-0

[Event "15th TCh-CRO"]
[Site "Sibenik CRO"]
[Date "2006.09.30"]
[Round "9"]
[White "Dreev,A"]
[Black "Brkic,A"]
[Result "1-0"]
[WhiteElo "2666"]
[BlackElo "2547"]

1.d4 Nf6 2.c4 g6 3.Nc3 d5 4.cxd5 Nxd5 5.Bd2 Bg7 6.e4 Nb6 7.Be3 O-O 8.Bb5 a6
9.Be2 f5 10.exf5 Bxf5 11.Qb3+ Kh8 12.Nf3 Qd6 13.O-O Nc6 14.d5 Na5 15.Qd1 Rad8
16.Qc1 Nac4 17.Bh6 Qb4 18.Bxc4 Qxc4 19.Re1 Qc5 20.Bxg7+ Kxg7 21.Re5 Nd7 22.Qe3 Qxe3
23.Rxe3 Nb6 24.Rxe7+ Rf7 25.Rxf7+ Kxf7 26.Rd1 Kf6 27.Rd4 g5 28.g4 Bg6 29.Kg2 h6
30.h4 Bh7 31.hxg5+ hxg5 32.Kg3 Rd7 33.Rd1 Rd8 34.b3 Bg6 35.Rd4 Bh7 36.Rd2 Bg6
37.Rd1 Bh7 38.Nh2 Kg6 39.Nf1 Kf6 40.f4 gxf4+ 41.Kxf4 Nc8 42.Ng3 Nd6 43.Re1 Bg8
44.Nh5+ Kg6 45.Re7 Rf8+ 46.Kg3 Rf7 47.Re6+ Kg5 48.Re5+ Kh6 49.Nf4 Rd7 50.Nce2 Bh7
51.Nd4 Bb1 52.Nde6  1-0

[Event "22nd ECU Club Cup"]
[Site "Feugen AUT"]
[Date "2006.10.13"]
[Round "6"]
[White "Kharlov,A"]
[Black "Dreev,A"]
[Result "1-0"]
[WhiteElo "2557"]
[BlackElo "2655"]

1.Nf3 d5 2.b3 Bf5 3.Bb2 e6 4.d3 h6 5.Nbd2 Nf6 6.g3 c5 7.Ne5 Be7 8.Bg2 O-O
9.O-O Bh7 10.c4 Nbd7 11.cxd5 Nxe5 12.Bxe5 Nxd5 13.Qc2 Rc8 14.Rfc1 Qd7 15.Qd1 f6
16.Bb2 e5 17.Qf1 Rcd8 18.Bh3 Qe8 19.Be6+ Kh8 20.Qh3 f5 21.Bxd5 Rxd5 22.Nc4 Bg5
23.Ne3 Bxe3 24.fxe3 Qe7 25.Rf1 Qg5 26.g4 e4 27.d4 h5 28.Qg3 cxd4 29.gxh5 Qxh5
30.Bxd4 Qg6 31.Rac1 Rd7 32.Bxa7 Qa6 33.Bd4 Qxe2 34.Rf2 Qh5 35.Rg2 Rg8 36.h4 Qh6
37.Qg5 Qe6 38.Ba1 f4 39.Qxf4 Qf5 40.Qxf5 Bxf5 41.Rg5 Bh7 42.h5 Ra8 43.h6 Bg8
44.hxg7+ Kh7 45.Rg2 Rd6 46.Bd4 Ra5 47.Rcc2 Rf5 48.Rg4 Rh6 49.Rh2 Rxh2 50.Kxh2 Rf2+
51.Rg2 Rf1 52.Kg3 Rf3+ 53.Kh2 Rf1 54.Rc2 Kg6 55.Kg2 Rf5 56.Rf2  1-0

[Event "22nd ECU Club Cup"]
[Site "Feugen AUT"]
[Date "2006.10.14"]
[Round "7"]
[White "Dreev,A"]
[Black "Schandorff,L"]
[Result "1-0"]
[WhiteElo "2655"]
[BlackElo "2534"]

1.d4 Nf6 2.c4 e6 3.Nf3 d5 4.Nc3 Bb4 5.Qa4+ Nc6 6.a3 Bxc3+ 7.bxc3 O-O 8.Bg5 h6
9.Bxf6 Qxf6 10.e3 Rd8 11.Bd3 Bd7 12.cxd5 exd5 13.O-O b6 14.Qc2 Na5 15.Ne5 c5
16.f4 c4 17.Bh7+ Kh8 18.Rf3 Nb7 19.Qb1 Nd6 20.Bc2 Rac8 21.g4 Qe7 22.Qe1 Kg8
23.Qg3 f6 24.Ng6 Qe8 25.f5 Nb5 26.Qe1 Qf7 27.a4 Nd6 28.Qg3 Be8 29.h4 Qc7
30.Nf4 Nf7 31.e4 Bc6 32.e5 fxe5 33.Ne6 Qd6 34.dxe5 Qxe5 35.Nxd8 Rxd8 36.Re1 Qxg3+
37.Rxg3 d4 38.cxd4 Rxd4 39.Kf2 Rd2+ 40.Re2 Rd8 41.Rge3 Kf8 42.Re7 Bd7 43.Kg3 a6
44.Kf4 b5 45.g5 hxg5+ 46.hxg5 Be8 47.g6 Nd6 48.f6 gxf6 49.g7+ Kg8 50.Bh7+  1-0

[Event "TCh-ESP Final"]
[Site "Lugo ESP"]
[Date "2006.11.04"]
[Round "2"]
[White "Ivanchuk,V"]
[Black "Dreev,A"]
[Result "1/2-1/2"]
[WhiteElo "2741"]
[BlackElo "2655"]

1.c4 c6 2.e4 d5 3.exd5 cxd5 4.d4 Nf6 5.Nc3 e6 6.cxd5 Nxd5 7.Bd3 Bb4 8.Bd2 Nc6
9.Nf3 Be7 10.O-O O-O 11.Re1 Nf6 12.Bg5 Bd7 13.a3 Nd5 14.Bd2 Bf6 15.Nxd5 exd5
16.Ne5 g6 17.Qb3 Rb8 18.Bc3 Be6 19.Rad1 Bxe5 20.dxe5 d4 21.Bc4 Qb6 22.Qxb6 axb6
23.Bxe6 dxc3 24.Bd7 cxb2 25.Rb1 Rbd8 26.e6 fxe6 27.Bxe6+ Kg7 28.Rxb2 Rfe8
29.Kf1 Rd6 30.Ba2 Rxe1+ 31.Kxe1 Nd4 32.f4 Kf6 33.Kf2 b5 34.Rd2 Ke7 35.g4 Nc6
36.Rxd6 Kxd6 37.g5 b4 38.axb4 Nxb4 39.Bg8 Nd5 40.Kg3 Ne7 41.Bxh7 b5 42.h4 b4
43.h5 gxh5 44.f5 b3 45.f6 Nd5 46.Kh4 b2 47.Bf5 Nf4 48.Bc2 Ke6 49.Bb3+ Nd5
50.Ba2 b1=Q 51.Bxb1 Nxf6 52.Bg6 Ke7 53.Bxh5 Ne4  1/2-1/2

[Event "XIV Salona GM"]
[Site "Solin CRO"]
[Date "2006.11.24"]
[Round "1"]
[White "Movsesian,S"]
[Black "Dreev,A"]
[Result "1-0"]
[WhiteElo "2637"]
[BlackElo "2655"]

1.e4 c5 2.Nf3 Nc6 3.Bb5 d6 4.O-O Bd7 5.Re1 Nf6 6.c3 a6 7.Ba4 e5 8.h3 Be7
9.d4 O-O 10.d5 Na7 11.Bc2 h6 12.a4 Nh7 13.a5 Ng5 14.Nh2 Nc8 15.Nd2 b5 16.axb6 Nxb6
17.Nb3 Nh7 18.Nf3 Ng5 19.Nfd2 Nh7 20.Qe2 f5 21.exf5 Nxd5 22.Qc4 Nf6 23.Be4 Bb5
24.Bxd5+ Kh7 25.Qxb5 axb5 26.Rxa8 Qc7 27.Rxf8 Bxf8 28.Be6 d5 29.Nf3 Bd6 30.Be3 d4
31.cxd4 exd4 32.Bd2 Nh5 33.Ra1 Qb7 34.Nh4 Nf6 35.Ng6 Ne4 36.Bf4 Bxf4 37.Nxf4 Qb8
38.g3 d3 39.Bd5 Qe5 40.Ra8 g5  1-0

[Event "XIV Salona GM"]
[Site "Solin CRO"]
[Date "2006.11.26"]
[Round "3"]
[White "Malakhov,V"]
[Black "Dreev,A"]
[Result "1/2-1/2"]
[WhiteElo "2682"]
[BlackElo "2655"]

1.d4 d5 2.c4 c6 3.Nf3 Nf6 4.e3 Bf5 5.Bd3 Bxd3 6.Qxd3 e6 7.Nc3 Nbd7 8.O-O Be7
9.b3 O-O 10.Bb2 a6 11.e4 dxe4 12.Nxe4 Nxe4 13.Qxe4 Qa5 14.a4 Rad8 15.Rfe1 Bf6
16.Rad1 Rfe8 17.h3 Qc7 18.Qc2 Nf8 19.g3 c5 20.d5  1/2-1/2

[Event "XIV Salona GM"]
[Site "Solin CRO"]
[Date "2006.11.27"]
[Round "4"]
[White "Dreev,A"]
[Black "Mkrtchian,L"]
[Result "1-0"]
[WhiteElo "2655"]
[BlackElo "2468"]

1.d4 e6 2.c4 Bb4+ 3.Nd2 b6 4.a3 Bxd2+ 5.Qxd2 Nf6 6.Nf3 Bb7 7.g3 d5 8.cxd5 Bxd5
9.Bg2 Nbd7 10.b4 c5 11.O-O c4 12.b5 a6 13.bxa6 O-O 14.Ne1 Bxg2 15.Kxg2 Rxa6
16.Nc2 Ra4 17.f3 Qc7 18.e4 c3 19.Qd3 Rd8 20.Rb1 Rc4 21.Be3 Rc8 22.Rb3 Qa7
23.Rfb1 Qa8 24.Bf2 Ne8 25.Ne3 Ra4 26.Rxc3 Rxc3 27.Qxc3 Rxa3 28.Qb4 Nef6 29.Rc1 h5
30.Qc4 Kh7 31.Qc2 Ra2 32.Qd3 Ra3 33.Qb1 g6 34.Nc4 Ra2 35.Nd6 Ra3 36.Rc7 Qa4
37.Qc2 Qxc2 38.Rxc2 Kg7 39.Rc6 Kf8 40.Rc8+ Ke7 41.e5 Ra2 42.Rh8 Rc2 43.Kf1 Rc6
44.Be1 Rxd6 45.Bb4 Ne8 46.exd6+ Kd8 47.Rh7 f6 48.Ke2 e5 49.Kd3 f5 50.Rh8 exd4
51.Kxd4 Nb8 52.Kd5  1-0

[Event "XIV Salona GM"]
[Site "Solin CRO"]
[Date "2006.11.28"]
[Round "5"]
[White "Dizdarevic,E"]
[Black "Dreev,A"]
[Result "1/2-1/2"]
[WhiteElo "2492"]
[BlackElo "2655"]

1.Nf3 d5 2.d4 c6 3.c4 e6 4.e3 Nd7 5.Bd3 Ngf6 6.O-O dxc4 7.Bxc4 Bd6 8.Nbd2 O-O
9.Be2 c5 10.Nc4 Be7 11.b3 b6 12.Bb2 Bb7 13.Nce5 cxd4 14.Nxd7 Qxd7 15.Qxd4 Rfd8
16.Rfd1 Qc6 17.Qc4 Qxc4 18.Bxc4 Rac8 19.Rac1 Rxd1+ 20.Rxd1 Nd5 21.Ne1 Bc6
22.Ba6 Rd8 23.Be2 f6 24.Nc2 e5 25.g3 Kf8 26.e4 Nc7 27.Rxd8+ Bxd8 28.f3 Be7
29.Kf1 Bd7 30.Kg2 Be6 31.h4 Bd6 32.Bd3 a5 33.Na3 Bb4 34.Nc2 Bc5 35.f4 Bd6
36.Kf3 Bf7 37.Na3 exf4 38.gxf4 Bh5+ 39.Kg3 Ne6 40.e5 fxe5 41.fxe5 Bb4 42.Nc2 Bd2
43.Bf5 Bf4+ 44.Kf2 Nc5 45.b4 axb4 46.Nxb4 Bf7 47.Nd3 Nxd3+ 48.Bxd3 Bxa2 49.Bxh7 Bd5
50.Bd3 Kf7 51.Bd4 Ke6 52.Bxb6 Bxe5 53.Be3  1/2-1/2

[Event "XIV Salona GM"]
[Site "Solin CRO"]
[Date "2006.11.29"]
[Round "6"]
[White "Paehtz,E"]
[Black "Dreev,A"]
[Result "1/2-1/2"]
[WhiteElo "2449"]
[BlackElo "2655"]

1.e4 c5 2.c3 e6 3.d4 d5 4.exd5 exd5 5.Nf3 Nc6 6.Bb5 Bd6 7.dxc5 Bxc5 8.O-O Ne7
9.Nbd2 O-O 10.Nb3 Bb6 11.Bd3 Qd6 12.Re1 Ng6 13.Be3 Bxe3 14.Rxe3 Bg4 15.Bxg6 hxg6
16.h3 Bf5 17.Nbd4 Bd7 18.Qd2 Na5 19.b3 Rac8 20.Rd1 Rfd8 21.Ne2 Qc7 22.Ng5 Nc6
23.Nd4 Qd6 24.Nxc6 Bxc6 25.Qd4 f6 26.Nf3 b6 27.Qg4 Be8 28.Nd4 Bf7 29.Rde1 a6
30.a4 Rd7 31.Re7 Rdc7 32.Rxc7 Qxc7 33.Re3 Ra8 34.g3 Qd8 35.h4 Qc7 36.Qe2 Kf8
37.Qd3 Kg8 38.Kg2 a5 39.f4 Re8 40.Rxe8+ Bxe8 41.Qe3 Bd7 42.Qf3 Qd6 43.g4 Kf8
44.Kf2 Qa3 45.f5 gxf5 46.gxf5 Qb2+ 47.Kg3 Qd2 48.Qxd5 Qxc3+ 49.Kg4 Ke7 50.Qe4+ Kf7
51.Qd5+ Ke7 52.Qe4+ Kf7 53.Qd5+ Ke7 54.Qe4+ Kf7  1/2-1/2

[Event "XIV Salona GM"]
[Site "Solin CRO"]
[Date "2006.12.01"]
[Round "8"]
[White "Georgiev,Vl"]
[Black "Dreev,A"]
[Result "1-0"]
[WhiteElo "2532"]
[BlackElo "2655"]

1.d4 d5 2.c4 e6 3.Nf3 Nf6 4.Bg5 h6 5.Bh4 dxc4 6.Qa4+ Nbd7 7.e3 c5 8.Bxc4 cxd4
9.Nxd4 Be7 10.O-O O-O 11.Qc2 Ne5 12.Bb3 Bd7 13.Nc3 Rc8 14.Rfd1 Qb6 15.Qe2 Ng6
16.Nf5 exf5 17.Bxf6 Bxf6 18.Rxd7 Bxc3 19.bxc3 Rxc3 20.Rad1 Ne5 21.R7d5 Rc5
22.Rxc5 Qxc5 23.h3 g6 24.Rd5 Qc1+ 25.Rd1 Qc7 26.Qd2 Re8 27.Qd4 b5 28.Qh4 Kg7
29.Rd5 Qb6 30.Qb4 Qf6 31.Qxb5 Re7 32.Qa4 Rc7 33.Qf4 Rc1+ 34.Kh2 Nc6 35.Rd7 Ne5
36.Rxa7 g5 37.Qd4 f4 38.Ra5 fxe3 39.fxe3 Nc6 40.Qxf6+ Kxf6 41.Ra8 Ne5 42.Ra6+ Kg7
43.Bd5 h5 44.Kg3 Rd1 45.Ra5 h4+ 46.Kf2 Rd2+ 47.Ke1 Rb2 48.Ra3 Kf6 49.Rb3 Rc2
50.a4 Rc1+ 51.Kd2 Ra1 52.Rb4 Ke7 53.Kc2 Kd6 54.Be4 Ra3 55.Kd2 Kc5 56.Rb5+ Kd6
57.Rd5+ Ke6 58.Rd4 f5 59.Bc2 Nf7 60.Rd3 Ra1 61.Bb3+ Ke7 62.Kc3 g4 63.Kb4 gxh3
64.gxh3 Ng5 65.Rd5 Nxh3 66.Rxf5 Ng1 67.a5 h3 68.Rh5 Kf6 69.a6 Kg6 70.Ra5 h2
71.Bc2+ Kh6 72.Be4 Rb1+ 73.Kc4 Rc1+ 74.Kb3 Rb1+ 75.Kc2 Rf1 76.a7  1-0

[Event "5th Parsvnath Open"]
[Site "New Delhi IND"]
[Date "2007.01.15"]
[Round "2"]
[White "Dreev,A"]
[Black "Bartakke,A"]
[Result "1-0"]
[WhiteElo "2658"]
[BlackElo "2204"]

1.d4 Nf6 2.c4 e6 3.Nf3 b6 4.Nc3 Bb7 5.a3 Be7 6.d5 d6 7.e4 e5 8.Bd3 Nbd7 9.b4 O-O
10.O-O g6 11.Bc2 Nh5 12.Bh6 Re8 13.Ba4 Bf8 14.Bg5 f6 15.Be3 Re7 16.Bc6 Qc8
17.Ne1 Rf7 18.Nd3 Be7 19.Rc1 Bxc6 20.dxc6 Nf8 21.Nd5 Ne6 22.a4 Qe8 23.b5 Nhg7
24.f4 exf4 25.N3xf4 Bf8 26.Nxe6 Qxe6 27.Bd4 Ne8 28.a5 Qxe4 29.Rc3 f5 30.Re3 Qh4
31.g3 Qg5 32.h4 Qd8 33.Rfe1 Ng7 34.Nf4 g5 35.hxg5 Qxg5 36.Kg2 bxa5 37.Bc3 a6
38.Qd4 axb5 39.cxb5 Rb8 40.Re8 Rxe8 41.Rxe8 h5 42.Ne6 Qg6 43.Nxf8 Rxf8 44.Rxf8+ Kxf8
45.Qxg7+ Qxg7 46.Bxg7+ Ke7 47.Bb2 Ke6 48.Ba3 f4 49.gxf4 h4  1-0